000 00588nam a22002057a 4500
005 20240812103809.0
008 240809b1993 ck ||||| |||| 00| 0 spa d
020 _a9789580424864
037 _3Donación
040 _aCO-JMCR
_cCO-JMCR
_dCO-JMCR
_erda
041 _aspa
082 _aA-C
_bTREc
100 _eautor
_aTrevisa , Dalton,
_943782
245 _aCementerio de elefantes ;
_cDalton Trevisam
260 _aBogotá
_bNorma
_c1993
300 _a101 páginas
_c21 cm
650 1 4 _2JMCR
_aCuentos brasileños
_940314
650 2 4 _2JMCR
_aLiteratura juvenil
_97569
942 _2ddc
_cBK
999 _c30796
_d17180